LEADER 02048cam0 22003491 450 001 SOBE00060120 005 20180727131618.0 012 $aa-a- a.io hena code (3) 1765 (R) 100 $a20180718d1765 |||||ita|0103 ba 101 $aita 102 $aIT 200 1 $aDell'origine e fundazion de' seggi di Napoli del tempo che furono istituiti, e della separazione de' nobili dal popolo ... Del supplimento al Terminio, ove si aggiungono alcune Famiglie tralasciate da esso alla sua Apologia, e Della varietà della fortuna ... Discorsi di d. Camillo Tutini napolitano 210 $aIn Napoli$ca spese di Raffaele Gessari$d1765 215 $a[8], 301, [17], 40, 8, 84 p.$d4° 300 $aDedica a Trojano Spinelli 300 $aIniziali e fregi xilografici 300 $aSegnatura: A4, A-2Q4 2R4(-2R4) pigrecoA2(-pigrecoA2) 2T-3I4 3K6 423 1$1001SOBE00060286$12001 $aDella varieta della fortuna, discorso di D. Camillo Tutini napoletano 423 1$1001SOBE00060285$12001 $aSopplimento all'Apologia del Terminio, discorso di d. Camillo Tutini 517 1 $aDel origine, e fundatione de' seggi di Napoli suplimento all'apologia del Terminio, et della varietà della fortuna discorsi di D. Camillo Tutini napoletano$9SOBE00060288 620 $dNapoli$9SOBA00012539 700 1$aTutini$b, Camillo$3SOBA00017413$4070$0514328 712 02$a*Gessari, *Raffaele$3SOBA00017414$4650 801 0$aIT$bBEM$c20180727$gRICA 850 $aBEM 852 $aBEM$jVII.C$m00349 912 $aSOBE00060120 940 $aM 103 Monografia antica SBN 941 $aM 957 $xPagliara|R$aVII.C$b00039$gNO$cPR$d00349$hPagliaraR$rDono$1tcalvano$2BEM$3BEM$420180718092853.0$520180718092941.0$6tcalvano 996 $aDell'origine e fundazion de' seggi di Napoli del tempo che furono istituiti, e della separazione de' nobili dal popolo ... Del supplimento al Terminio, ove si aggiungono alcune Famiglie tralasciate da esso alla sua Apologia, e Della varietà della fortuna ... Discorsi di d. Camillo Tutini napolitano$91727902 997 $aUNISOB LEADER 01725nam0 22003491i 450 001 UON00277417 005 20231205103822.529 010 $a04-15-30266-8 100 $a20060523d2004 |0itac50 ba 101 $aeng 102 $aGB 105 $a|||| ||||| 200 1 $aTrade policy and economic integration in the Middle East and North Africa$eeconomic boundaries in flux$fedited by Hassan Hakimian and Jeffrey B. Nugent 210 $aLondon$cRoutledgeCurzon$d2004 215 $axvii, 296 p.$cill.$d24 cm 410 1$1001UON00278909$12001 $aˆThe ‰political economy of the Middle East and North Africa$fseries editor: Hassan Hakimian$v1 606 $aAFRICA SETTENTRIONALE$xCondizioni economiche$x1979-$3UONC059854$2FI 606 $aAfrica settentrionale$xLiberalizzazione commerciale$3UONC059856$2FI 606 $aAfrica settentrionale$xPolitica commerciale$3UONC059852$2FI 606 $aVicino Orientale$xPolitica commerciale$3UONC059853$2FI 606 $aVICINO ORIENTE$xCondizioni economiche$x1979-$3UONC059855$2FI 606 $aVicino Oriente$xLiberalizzazione commerciale$3UONC059857$2FI 620 $aGB$dLondon$3UONL003044 702 1$aHAKIMIAN$bHassan$3UONV161506 702 1$aNUGENT$bJeffrey B.$3UONV161507 712 $aRoutledgeCurzon$3UONV270091$4650 801 $aIT$bSOL$c20260320$gRICA 899 $aSIBA - SISTEMA BIBLIOTECARIO DI ATENEO E ARCHIVIO STORICO$2UONSI 912 $aUON00277417 950 $aSIBA - SISTEMA BIBLIOTECARIO DI ATENEO E ARCHIVIO STORICO$dSI XIII 001 $eSI AA 28020 7 001 996 $aTrade policy and economic integration in the Middle East and North Africa$91035604 997 $aUNIOR